Statistiken für Nachbarländer Chinas seit 1914

Klicken Sie hier um das Quiz zu spielen!

Allgemein

  • Dieses Quiz wurde 7.251 mal gespielt
  • Das Durchschnittsergebnis liegt bei 15 aus 21

Antwortstatistiken

DatenLand% Korrekt
1689 - 1922, 1991 -Russland
98%
1911 -Mongolei
96%
1947 -Indien
95%
1945 -Nordkorea
94%
1951 -Nepal
90%
1976 -Vietnam
90%
1905 - 1945Japan
86%
1991 -Kasachstan
85%
1953 -Laos
83%
1947 -Pakistan
83%
1991 -Kirgisistan
81%
1951 -Bhutan
80%
1948 -Myanmar
79%
1991 -Tadschikistan
79%
1895 -Afghanistan
73%
1922 - 1991Sowjetunion
64%
1842 - 1997Vereinigtes Königreich
54%
1912 - 1951Tibet
44%
1898 - 1946Frankreich
42%
1887 - 1999Portugal
36%
1945 - 1976Nordvietnam
18%

Verteilung der Resultate

Perzentil nach korrekt beantworteten Fragen

Anzahl Personen mit jedem Resultat

Ihre Resultats-Entwicklung

Sie haben dieses Quiz noch nicht gespielt